Statistics for Streets of York

Click here to take the quiz!

General Stats

  • This quiz has been taken 11 times
  • The average score is 12 of 28

Answer Stats

HintAnswer% Correct
Gillygate
75%
Ousegate
75%
Castlegate
63%
Davygate
63%
Fossgate
63%
Goodramgate
63%
Micklegate
63%
Stonegate
63%
Whipmawhopmagate
63%
High Petergate
50%
Low Petergate
50%
Monkgate
50%
Swinegate
50%
Walmgate
50%
Colliergate
38%
Coppergate
38%
Hungate
38%
Marygate
38%
Saint Saviourgate
38%
Spurriergate
38%
Bishopgate
25%
Deangate
25%
Saint Andrewgate
25%
Skeldergate
25%
Jubbergate
13%
Nessgate
13%
Feasegate
0%
Fishergate
0%

Score Distribution

Percentile by Number Answered

Percent of People with Each Score

Your Score History

You have not taken this quiz